The Future of Work: Students’ and Stakeholders’ Perspectives on Competencies for a Sustainable Economy

Táto práca skúma naliehavú potrebu reformy vzdelávania v reakcii na rýchle transformácie spôsobené dvojitou zelenou a digitálnou transformáciou. Skúma vyvíjajúce sa požiadavky trhu práce a kľúčovú úlohu inovatívnych vzdelávacích metód, najmä komunitného vzdelávania (CSL), pri príprave študentov na u...

Descrizione completa

Salvato in:
Dettagli Bibliografici
Autore principale: Ožvoldová, Katarína, 1984-
Altri autori: Mravec, Martin, 1972-, Jankovič, Michal, 1993-, Chomová, Katarína, 1983-
Natura: Capitolo di libro
Lingua:inglese
Soggetti:
Tags: Aggiungi Tag
Nessun Tag, puoi essere il primo ad aggiungerne!!

MARC

LEADER 00000naa$a2200000$$$4500
001 0313434
005 20251215133500.8
041 0 |a eng 
044 |a SK 
245 1 0 |a The Future of Work: Students’ and Stakeholders’ Perspectives on Competencies for a Sustainable Economy  |c Katarína Ožvoldová, Martin Mravec, Michal Jankovič, Katarína Chomová 
520 |a Táto práca skúma naliehavú potrebu reformy vzdelávania v reakcii na rýchle transformácie spôsobené dvojitou zelenou a digitálnou transformáciou. Skúma vyvíjajúce sa požiadavky trhu práce a kľúčovú úlohu inovatívnych vzdelávacích metód, najmä komunitného vzdelávania (CSL), pri príprave študentov na udržateľnejšiu a spravodlivejšiu budúcnosť. Prostredníctvom diskusií v skupinách s 38 rôznymi zainteresovanými stranami (zamestnávateľmi a tvorcami politík) štúdia ďalej identifikuje kritické medzery v zručnostiach, ako sú deficity v mäkkých zručnostiach a digitálnej gramotnosti, u 24 študentov zo Slovenska. Zdôrazňuje generačný posun smerom k zmysluplným kariéram a rovnováhe medzi pracovným a súkromným životom. 
610 2 0 |a efektívnosť vzdelávania 
610 2 0 |a vzdelanie 
610 2 0 |a investície finančné 
610 2 0 |a investovanie 
610 2 0 |a zodpovednosť spoločenská 
100 1 |a Ožvoldová, Katarína, 1984- 
700 1 |a Mravec, Martin, 1972- 
700 1 |a Jankovič, Michal, 1993- 
700 1 |a Chomová, Katarína, 1983-